Derecho minero: identidad y transformaciones

Saved in:
Bibliografiske detaljer
Hovedforfatter: Vergara Blanco, Alejandro (Author)
Format: Bog
Sprog:spansk
Udgivet: Santiago Ediciones UC 2018
Udgivelse:1a. ed
Fag:
Tags: Tilføj Tag
Ingen Tags, Vær først til at tagge denne postø!

MARC

LEADER 00000cam a2200000 a 4500
001 UCC2821
003 CL-VaPUC
008 180323e20180000cl |||||||||||||||||spa|d
020 |a 9789561422094 
082 0 4 |a 343.077  |b VER  |2 21 
100 0 |a Vergara Blanco, Alejandro  |e author  |9 596837 
245 1 0 |a Derecho minero: identidad y transformaciones 
250 |a 1a. ed 
300 |a 371 p 
942 |c BK 
945 |d 20180323 15:33:00  |a dcastane 
260 |a Santiago  |b Ediciones UC  |c 2018 
650 0 |a Derecho de minería  |9 344919 
650 0 |a Propiedad minera   |9 370030 
650 7 |a SERVIDUMBRES MINERAS  |2 CL-VaPUC  |9 596838 
650 0 |a Contratos mineros  |9 344920 
583 |a last modification  |c 20180323 15:33:00  |k Rodrigo Vera 
999 |c 370762  |d 370760 
952 |0 0  |1 0  |3 erb  |4 0  |6 343_077000000000000_VER_2018  |7 0  |8 A  |9 487401  |a BIBDER  |b BIBDER  |i 5459893  |l 2  |o 343.077 VER 2018  |p 5459893  |r 2023-05-22  |s 2023-05-22  |w 2019-11-24  |y BK  |z Catalogado en:20180323  |k DER